| 000 | 00850nam a22002415i 4500 | ||
|---|---|---|---|
| 001 | 177639 | ||
| 003 | ES-MaACL | ||
| 005 | 20230906220358.0 | ||
| 008 | 110408s1964 sp ado |||| | spa d | ||
| 080 | _a669:620.181 | ||
| 100 | 1 |
_aTorre Cursach, Juan Manuel de la. _9110771 |
|
| 245 | 1 | 0 |
_aMetales y aleaciones para elevadas temperaturas / _cJuan M. de la Torre Cursach. |
| 260 |
_aMadrid : _bMontecorvo, _c1964. |
||
| 300 |
_a263 p. : _bil. bl. y n. ; _c24 cm. |
||
| 490 | 1 |
_aMonografías. Colección de estudios técnicos ; _v6 |
|
| 504 | _aBibliografía: p. 227-260. | ||
| 650 | 0 | 4 |
_aMateriales a altas temperaturas. _9146069 |
| 650 | 4 |
_aMetales. _9136490 |
|
| 650 |
_aAleaciones. _99713 |
||
| 830 | 0 |
_aMonografías. Colección de estudios técnicos ; _v6 _9190526 |
|
| 852 |
_aES-MaACL _jE-14841 _xOlim P-251-bis |
||
| 999 |
_c177639 _d177639 |
||